000 00397nam a2200157Ia 4500
008 230711s9999||||xx |||||||||||||| ||und||
041 _aENG
082 _a624
_bHI-P
100 _aHicks,Tyler G
245 0 _aPump : operation and maintenance
250 _a1st
260 _c1972
_aNew Delhi
_bTata McGraw Hill Education Limited
300 _a310
650 _aMechanical Engineering
942 _cBK
999 _c1774
_d1774